[Event "SLO-chT2 East"]
[Site "Slovenia"]
[Date "2016.11.12"]
[Round "7"]
[White "Burjak, Zdravko"]
[Black "Bucar, Natasa"]
[Result "1/2-1/2"]
[WhiteElo "1970"]
[BlackElo "1965"]
[PlyCount "129"]
[EventDate "2016.09.24"]
[EventType "team-tourn"]
[EventRounds "9"]
[EventCountry "SLO"]
[SourceTitle "EXT 2019"]
[Source "ChessBase"]
[SourceDate "2018.10.10"]
[SourceVersion "1"]
[SourceVersionDate "2018.10.10"]
[SourceQuality "1"]
[WhiteTeam "Crna"]
[BlackTeam "Krsko Triglav II"]
[WhiteTeamCountry "SLO"]
[BlackTeamCountry "SLO"]

1. e4 c5 2. d4 cxd4 3. c3 d3 4. Bxd3 d6 5. Be3 Nc6 6. f4 Nf6 7. h3 e5 8. Ne2 Be7 9. 0-0 exf4 10. Nxf4 Ne5 11. Be2 Bd7 12. Qd4 Nc6 13. Qd3 Ne5 14. Qc2 Bc6 15. Nd2 d5 16. exd5 Nxd5 17. Nxd5 Qxd5 18. Nf3 Bc5 19. Bxc5 Qxc5+ 20. Kh1 Nxf3 21. Bxf3 0-0 22. Qf2 Qxf2 23. Rxf2 Bxf3 24. Rxf3 Rad8 25. Raf1 Rd2 26. R1f2 Rxf2 27. Rxf2 Rd8 28. Re2 Kf8 29. Kg1 Rd1+ 30. Kf2 f5 31. Rc2 Ke7 32. Ke2 Rg1 33. Kf2 Ra1 34. b3 Kf6 35. c4 Ke5 36. Rd2 b6 37. a4 Rb1 38. Rd5+ Ke6 39. Rb5 g5 40. Ke3 Kd6 41. g4 fxg4 42. hxg4 Kc6 43. a5 h6 44. a6 Ra1 45. b4 Rxa6 46. Re5 Kd7 47. Kd3 Ra1 48. Kc3 a5 49. Rd5+ Kc7 50. b5 Rc1+ 51. Kb3 a4+ 52. Kb4 a3 53. Rd2 Rg1 54. Kxa3 Rxg4 55. Kb3 Re4 56. Ra2 h5 57. Ra7+ Kb8 58. Rg7 Rg4 59. Rh7 h4 60. Rh8+ Kc7 61. Rh7+ Kc8 62. Rh8+ Kd7 63. Rh7+ Kc8 64. Rh8+ Kd7 65. Rh7+ 1/2-1/2

[Event "Ljubljana-chT 68th Superliga"]
[Site "Ljubljana"]
[Date "2015.02.19"]
[Round "6.2"]
[White "Pirnat, Saso"]
[Black "Bucar, Natasa"]
[Result "1-0"]
[WhiteElo "2129"]
[BlackElo "1980"]
[PlyCount "83"]
[EventDate "2015.01.08"]
[EventType "team-tourn"]
[EventRounds "9"]
[EventCountry "SLO"]
[SourceTitle "EXT 2022"]
[Source "ChessBase"]
[SourceDate "2021.10.06"]
[SourceVersion "1"]
[SourceVersionDate "2021.10.06"]
[SourceQuality "1"]
[WhiteTeam "Visnja Gora Sticna"]
[BlackTeam "Mentor"]
[WhiteTeamCountry "SLO"]
[BlackTeamCountry "SLO"]

1. d4 d5 2. e4 dxe4 3. Nc3 Nf6 4. Bg5 Bf5 5. Qe2 c6 6. Bxf6 exf6 7. Nxe4 Be7 8. Ng3 Be6 9. Qd2 0-0 10. Nf3 Re8 11. Be2 Bc4 12. 0-0 Bxe2 13. Nxe2 Na6 14. Rad1 Qb6 15. c3 Rad8 16. Qc2 Nc7 17. Nf4 Bd6 18. Nd3 Qa5 19. a3 Ne6 20. Rfe1 Qh5 21. h3 Qf5 22. Qd2 Ng5 23. Nxg5 fxg5 24. Rxe8+ Rxe8 25. Re1 Rxe1+ 26. Nxe1 Qf4 27. Qxf4 gxf4 28. Kf1 f5 29. Ke2 Kf7 30. Nf3 Kf6 31. h4 g6 32. a4 h6 33. b4 Ke6 34. Kd3 Be7 35. a5 g5 36. hxg5 hxg5 37. Ne5 a6 38. Kc4 Bd8 39. Nd3 b5+ 40. axb6 Bxb6 41. Nc5+ Kd6 42. Nxa6 1-0

[Event "Wch U20 Girls 30th"]
[Site "Athens"]
[Date "2012.08.13"]
[Round "11"]
[White "Bucar, Natasa"]
[Black "Tuzi, Bruna"]
[Result "1/2-1/2"]
[WhiteElo "2022"]
[BlackElo "1546"]
[PlyCount "167"]
[EventDate "2012.08.02"]
[EventType "swiss"]
[EventRounds "13"]
[EventCountry "GRE"]
[SourceTitle "CBM 149 Extra"]
[Source "ChessBase"]
[SourceDate "2012.08.24"]
[SourceVersion "1"]
[SourceVersionDate "2012.08.24"]
[SourceQuality "1"]

1. e4 c5 2. Nf3 Nc6 3. d4 cxd4 4. Nxd4 Nf6 5. Nc3 e5 6. Ndb5 d6 7. Bg5 a6 8. Na3 b5 9. Nd5 Be7 10. Bxf6 Bxf6 11. c3 Bg5 12. Nc2 Rb8 13. g3 0-0 14. Bg2 Ne7 15. h4 Bh6 16. Ncb4 Bb7 17. 0-0 Nc8 18. f4 a5 19. Nd3 Bxd5 20. exd5 f6 21. fxe5 fxe5 22. Rxf8+ Qxf8 23. Qg4 Qe7 24. Rf1 Nb6 25. Bh3 g6 26. Qe6+ Qxe6 27. Bxe6+ Kh8 28. g4 Be3+ 29. Kg2 g5 30. h5 Bf4 31. Nxf4 exf4 32. b3 Re8 33. h6 Na8 34. Bd7 Re2+ 35. Kf3 Re3+ 36. Kf2 Nc7 37. c4 bxc4 38. bxc4 Rc3 39. Rb1 Kg8 40. Rb8+ Kf7 41. Rb7 Rc2+ 42. Ke1 Rxc4 43. Bf5 Kf6 44. Bxh7 Nxd5 45. Bg8 Re4+ 46. Kf2 Ne7 47. Rb8 Re3 48. Re8 Kg6 49. h7 Kg7 50. h8Q+ Kxh8 51. Be6+ Kg7 52. Rxe7+ Kf6 53. Ra7 Rxe6 54. Rxa5 Re5 55. Ra8 Ke7 56. a4 Kd7 57. Rf8 Kc6 58. Rb8 Ra5 59. Rg8 Rc5 60. Rg7 Kb6 61. Rd7 Kc6 62. Rg7 Rd5 63. Rg8 Kb6 64. Ra8 Rd2+ 65. Kf1 Kb7 66. Rg8 Rd5 67. Kf2 Rc5 68. Rg6 Kc7 69. Rg7+ Kb6 70. Rg6 Rd5 71. Rf6 Ka5 72. Rf5 Re5 73. Rf6 Kxa4 74. Rxd6 Kb5 75. Rd8 Kc4 76. Ra8 Rb5 77. Rc8+ Kd5 78. Rd8+ Ke6 79. Re8+ Kf7 80. Re2 Kf6 81. Ra2 Ke5 82. Re2+ Kd4 83. Rd2+ Kc3 84. Rd6 1/2-1/2

[Event "Wch U20 Girls 30th"]
[Site "Athens"]
[Date "2012.08.12"]
[Round "10"]
[White "Messam Sparks, Lateefah"]
[Black "Bucar, Natasa"]
[Result "0-1"]
[WhiteElo "1947"]
[BlackElo "2022"]
[PlyCount "66"]
[EventDate "2012.08.02"]
[EventType "swiss"]
[EventRounds "13"]
[EventCountry "GRE"]
[SourceTitle "CBM 149 Extra"]
[Source "ChessBase"]
[SourceDate "2012.08.24"]
[SourceVersion "1"]
[SourceVersionDate "2012.08.24"]
[SourceQuality "1"]

1. e4 c5 2. Nc3 Nc6 3. f4 g6 4. Nf3 Bg7 5. Bc4 e6 6. 0-0 Nge7 7. Qe1 0-0 8. d3 d5 9. Bb3 a6 10. a4 Nd4 11. Kh1 Nec6 12. Qf2 Nxf3 13. Qxf3 Nd4 14. Qf2 Nxb3 15. cxb3 b6 16. Qg3 f5 17. e5 d4 18. Nb1 Bb7 19. Nd2 b5 20. Qf2 Bd5 21. Kg1 Qd7 22. b4 bxa4 23. bxc5 Rfc8 24. Qxd4 Bf8 25. Qxa4 Bxc5+ 26. Kh1 Qb7 27. Rf3 Bxf3 28. Nxf3 Qb5 29. Qa2 Rc6 30. Ng5 Qxd3 31. Bd2 Qxd2 32. Nxe6 Kh8 33. Ng5 Be3 0-1

[Event "Wch U20 Girls 30th"]
[Site "Athens"]
[Date "2012.08.02"]
[Round "1"]
[White "Bucar, Natasa"]
[Black "Kulon, Klaudia"]
[Result "0-1"]
[WhiteElo "2022"]
[BlackElo "2259"]
[PlyCount "50"]
[EventDate "2012.08.02"]
[EventType "swiss"]
[EventRounds "13"]
[EventCountry "GRE"]
[SourceTitle "CBM 149 Extra"]
[Source "ChessBase"]
[SourceDate "2012.08.24"]
[SourceVersion "1"]
[SourceVersionDate "2012.08.24"]
[SourceQuality "1"]

1. e4 c5 2. Nf3 e6 3. d3 Nc6 4. g3 d5 5. Nbd2 Bd6 6. Bg2 Nge7 7. 0-0 0-0 8. Re1 Qc7 9. Qe2 f6 10. h4 d4 11. Nc4 e5 12. a4 Be6 13. Nh2 a6 14. Nxd6 Qxd6 15. f4 exf4 16. Bxf4 Ne5 17. Ng4 N7g6 18. Bxe5 fxe5 19. h5 Nh8 20. Bh3 Nf7 21. h6 Ng5 22. hxg7 Nxh3+ 23. Kh2 Kxg7 24. Kxh3 h5 25. Qd2 Bxg4+ 0-1

[Event "SLO-ch (Women)"]
[Site "Ljubljana"]
[Date "2012.06.30"]
[Round "1"]
[White "Srebrnic, Ana"]
[Black "Bucar, Natasa"]
[Result "1-0"]
[WhiteElo "2183"]
[BlackElo "2026"]
[PlyCount "93"]
[EventDate "2012.06.30"]
[EventType "tourn"]
[EventRounds "9"]
[EventCountry "SLO"]
[SourceTitle "CBM 149 Extra"]
[Source "ChessBase"]
[SourceDate "2012.08.24"]
[SourceVersion "1"]
[SourceVersionDate "2012.08.24"]
[SourceQuality "1"]

1. d4 d5 2. c4 dxc4 3. Nf3 Nf6 4. Qa4+ Nc6 5. e3 e6 6. Qxc4 Bb4+ 7. Nc3 0-0 8. Be2 Re8 9. 0-0 Qe7 10. a3 Bxc3 11. Qxc3 e5 12. dxe5 Nxe5 13. b4 Bg4 14. Bb2 Nxf3+ 15. gxf3 Bh3 16. Rfd1 Rad8 17. Qc5 Qxc5 18. bxc5 c6 19. Bd4 Nd5 20. Rab1 Re6 21. Kh1 Rd7 22. Rg1 g6 23. Bc4 Re8 24. Rg3 Be6 25. Bxd5 Bxd5 26. Kg1 Bc4 27. h4 Ba6 28. h5 Rd5 29. hxg6 fxg6 30. Kg2 Kf7 31. f4 h5 32. Rg5 Rxg5+ 33. fxg5 Ke6 34. f4 Kf5 35. Kf3 Re7 36. Be5 Rd7 37. Bd6 Bd3 38. Rb4 Bc2 39. e4+ Ke6 40. Rb2 Bd3 41. Ke3 Bb5 42. Rf2 Rf7 43. Kd4 b6 44. f5+ Kd7 45. Ke5 h4 46. Rh2 Bd3 47. Rxh4 1-0

[Event "Busevec op U20 Girls 11th"]
[Site "Busevec"]
[Date "2012.05.19"]
[Round "2"]
[White "Bucar, Natasa"]
[Black "Ljikar, Tamara"]
[Result "1/2-1/2"]
[WhiteElo "2026"]
[BlackElo "1782"]
[PlyCount "173"]
[EventDate "2012.05.19"]
[EventType "swiss (rapid)"]
[EventRounds "6"]
[EventCountry "CRO"]
[SourceTitle "EXT 2013"]
[Source "ChessBase"]
[SourceDate "2012.11.22"]
[SourceVersion "1"]
[SourceVersionDate "2012.11.22"]
[SourceQuality "1"]

1. e4 c5 2. Nf3 e6 3. d3 Nc6 4. g3 g6 5. Bg2 Bg7 6. 0-0 Nge7 7. c3 0-0 8. Be3 d6 9. h4 b5 10. h5 Rb8 11. Qc1 b4 12. Bh6 bxc3 13. bxc3 Qb6 14. Bxg7 Kxg7 15. Qf4 Ng8 16. Nbd2 e5 17. Qe3 Be6 18. Ng5 Rfe8 19. Nxe6+ Rxe6 20. Nc4 Qc7 21. Bh3 Ree8 22. Kg2 Nce7 23. hxg6 fxg6 24. Be6 Nf6 25. Rh1 Neg8 26. Bd5 Nxd5 27. exd5 Qf7 28. Nxd6 Qxd5+ 29. Ne4 Red8 30. Qxc5 Qxc5 31. Nxc5 Rd5 32. d4 exd4 33. cxd4 Re8 34. Rae1 Rxe1 35. Rxe1 Kf7 36. Nb3 a5 37. Re5 Rxe5 38. dxe5 a4 39. Nd4 Ne7 40. Kf3 Nd5 41. a3 Nb6 42. Ke4 Nc4 43. Nb5 Ke6 44. f4 h5 45. Kd4 Nd2 46. Ke3 Nc4+ 47. Kd3 Nb6 48. Nc3 g5 49. Ke4 gxf4 50. gxf4 h4 51. f5+ Kf7 52. Kf4 h3 53. Kg3 h2 54. Kxh2 Nc4 55. e6+ Kf6 56. Ne4+ Ke7 57. Kg3 Nxa3 58. Kf4 Nc4 59. Nc3 a3 60. Ke4 Nd6+ 61. Ke5 Nc4+ 62. Kd5 Ne3+ 63. Ke4 Nc4 64. Nd5+ Kd6 65. Nb4 Ke7 66. Kf4 Kd6 67. Kg5 Ke7 68. Kg6 Ne5+ 69. Kg7 Ng4 70. Na2 Ne5 71. Nc3 Ng4 72. Nd5+ Kd6 73. Nc3 Ke7 74. Kg6 Ne5+ 75. Kg5 Nc4 76. Kf4 Kd6 77. Ke4 Ke7 78. Kd5 Ne3+ 79. Ke4 Nc4 80. Na2 Kd6 81. Kd4 Nb6 82. Nb4 Ke7 83. Kc5 Nc8 84. Kc6 Kf6 85. Kb5 Kxf5 86. Ka4 Kxe6 87. Kxa3 1/2-1/2

[Event "Busevec op U20 Girls 11th"]
[Site "Busevec"]
[Date "2012.05.19"]
[Round "3"]
[White "Turk, Tajana"]
[Black "Bucar, Natasa"]
[Result "1/2-1/2"]
[WhiteElo "1929"]
[BlackElo "2026"]
[PlyCount "108"]
[EventDate "2012.05.19"]
[EventType "swiss (rapid)"]
[EventRounds "6"]
[EventCountry "CRO"]
[SourceTitle "EXT 2013"]
[Source "ChessBase"]
[SourceDate "2012.11.22"]
[SourceVersion "1"]
[SourceVersionDate "2012.11.22"]
[SourceQuality "1"]

1. b3 e5 2. Bb2 d6 3. e3 Nf6 4. c4 g6 5. d3 Bg7 6. Nf3 0-0 7. Be2 Re8 8. Nbd2 Nbd7 9. 0-0 Nf8 10. Re1 h5 11. c5 Ng4 12. Qc2 d5 13. h3 Nh6 14. e4 d4 15. Nc4 g5 16. Nh2 g4 17. hxg4 hxg4 18. Bc1 Qh4 19. g3 Qh5 20. Qd1 Ne6 21. Bxh6 Qxh6 22. Nxg4 Qg5 23. b4 b5 24. Na5 Qg6 25. Kg2 Ng5 26. f4 exf4 27. gxf4 Nh7 28. f5 Qg5 29. Qc1 Qh4 30. Rh1 Qe7 31. Qf4 Qg5 32. Qxg5 Nxg5 33. Raf1 f6 34. Nc6 Nxe4 35. dxe4 Rxe4 36. Bf3 Bxf5 37. Nxd4 Rxd4 38. Nxf6+ Bxf6 39. Bxa8 Rg4+ 40. Kf3 Rxb4 41. Bd5+ Kg7 42. Rhg1+ Kh6 43. Rf2 Bg6 44. Rh2+ Bh5+ 45. Kg2 Rb2+ 46. Kh1 Rxh2+ 47. Kxh2 Bd4 48. Rc1 Kg5 49. c6 Kf5 50. Bg2 Be2 51. Rc2 Bc4 52. Rd2 Be5+ 53. Kg1 Bc3 54. Rc2 Bd4+ 1/2-1/2

[Event "SLO-chT (Women)"]
[Site "Murska Sobota"]
[Date "2012.04.22"]
[Round "7"]
[White "Srebrnic, Ana"]
[Black "Bucar, Natasa"]
[Result "1/2-1/2"]
[WhiteElo "2191"]
[BlackElo "2009"]
[PlyCount "116"]
[EventDate "2012.04.13"]
[EventType "team-tourn"]
[EventRounds "7"]
[EventCountry "SLO"]
[SourceTitle "EXT 2022"]
[Source "ChessBase"]
[SourceDate "2021.10.06"]
[SourceVersion "1"]
[SourceVersionDate "2021.10.06"]
[SourceQuality "1"]
[WhiteTeam "Nova Gorica (W)"]
[BlackTeam "Krsko Triglav (W)"]
[WhiteTeamCountry "SLO"]
[BlackTeamCountry "SLO"]

1. Nf3 Nf6 2. d4 e6 3. g3 c5 4. Bg2 d5 5. 0-0 Nc6 6. c4 dxc4 7. Ne5 Nxd4 8. e3 Nc6 9. Bxc6+ bxc6 10. Qxd8+ Kxd8 11. Nxf7+ Ke8 12. Nxh8 Bd6 13. Rd1 Bc7 14. Nc3 Ke7 15. e4 e5 16. Be3 Bb6 17. f3 Be6 18. Na4 Nd7 19. Bg5+ Nf6 20. Ng6+ hxg6 21. Kg2 Rb8 22. Rac1 Ba5 23. Rc2 Rb5 24. Nc3 Rb7 25. Nb1 Bc7 26. Na3 Rb4 27. Bd2 Ra4 28. Bc3 Nd7 29. Ra1 Nb8 30. Nb1 Na6 31. a3 Bd6 32. Re2 g5 33. h3 Nc7 34. Nd2 Nb5 35. Nf1 Nd4 36. Rf2 Ra6 37. Ne3 Rb6 38. a4 Rb8 39. a5 Rh8 40. Ng4 a6 41. Bd2 Rh5 42. Be3 Bc7 43. Ra3 Nb3 44. Rc2 Kd6 45. Nf2 Bd8 46. Rxb3 cxb3 47. Bxc5+ Kc7 48. Rd2 Kc8 49. Bb4 Bc7 50. Bc3 Bc4 51. g4 Rh8 52. Nd1 g6 53. Ne3 Be6 54. Kg3 Rd8 55. h4 gxh4+ 56. Kxh4 Rf8 57. Kg3 Rh8 58. Nd1 Rh1 1/2-1/2

[Event "SLO-ch (Women)"]
[Site "Ljubljana"]
[Date "2011.08.13"]
[Round "8"]
[White "Kolaric, Spela"]
[Black "Bucar, Natasa"]
[Result "1-0"]
[WhiteElo "2045"]
[BlackElo "1978"]
[PlyCount "128"]
[EventDate "2011.08.06"]
[EventType "swiss"]
[EventRounds "9"]
[EventCountry "SLO"]
[SourceTitle "CBM 143 Extra"]
[Source "ChessBase"]
[SourceDate "2011.08.29"]
[SourceVersion "1"]
[SourceVersionDate "2011.08.29"]
[SourceQuality "1"]

1. d4 g6 2. e4 Bg7 3. Nf3 c5 4. d5 d6 5. Be2 e6 6. dxe6 fxe6 7. 0-0 Ne7 8. Ng5 h6 9. Nh3 0-0 10. Nf4 Nbc6 11. c3 Ne5 12. Na3 a6 13. Nc4 d5 14. exd5 exd5 15. Nxe5 Bxe5 16. Nd3 Bd6 17. Bxh6 Rf7 18. Qd2 Qc7 19. g3 Rh7 20. Bf4 Bh3 21. Rfe1 Rf8 22. Bxd6 Qxd6 23. Nf4 Bd7 24. Rad1 Bc6 25. Bg4 Rf6 26. Re6 Qd7 27. Rxf6 Qxg4 28. Qe2 Qxe2 29. Nxe2 Kg7 30. Re6 Kf7 31. Nf4 g5 32. Rxe7+ Kxe7 33. Nxd5+ Ke6 34. c4 b5 35. b3 bxc4 36. bxc4 Rb7 37. h3 Rb2 38. Nc7+ Ke5 39. Nxa6 Rxa2 40. Nxc5 Bf3 41. Re1+ Kf5 42. g4+ Kg6 43. Nd7 Be2 44. c5 Bb5 45. c6 Rc2 46. Rb1 Bxc6 47. Ne5+ Kf6 48. Nxc6 Rxc6 49. Kg2 Rc4 50. Kg3 Kg6 51. f3 Rc3 52. Rf1 Rc4 53. h4 gxh4+ 54. Kxh4 Rf4 55. Kg3 Ra4 56. Rc1 Ra3 57. Rc5 Rb3 58. Rd5 Ra3 59. Kf4 Ra6 60. Rd3 Ra4+ 61. Kg3 Ra1 62. Rd6+ Kf7 63. f4 Ra3+ 64. Kh4 Ra4 1-0

[Event "SLO-ch (Women)"]
[Site "Ljubljana"]
[Date "2011.08.12"]
[Round "7"]
[White "Bucar, Natasa"]
[Black "Novak, Ksenija"]
[Result "1-0"]
[WhiteElo "1978"]
[BlackElo "2117"]
[PlyCount "140"]
[EventDate "2011.08.06"]
[EventType "swiss"]
[EventRounds "9"]
[EventCountry "SLO"]
[SourceTitle "CBM 143 Extra"]
[Source "ChessBase"]
[SourceDate "2011.08.29"]
[SourceVersion "1"]
[SourceVersionDate "2011.08.29"]
[SourceQuality "1"]

1. e4 c6 2. d4 d5 3. e5 Bf5 4. g4 Bg6 5. Ne2 Be4 6. Rg1 Bf3 7. Nd2 Bxe2 8. Qxe2 e6 9. f4 h5 10. h3 hxg4 11. hxg4 Qh4+ 12. Qf2 Qxf2+ 13. Kxf2 c5 14. c3 cxd4 15. cxd4 Nc6 16. Nf3 Nge7 17. Bd2 g6 18. b4 a6 19. a4 Nc8 20. Rb1 b6 21. Bd3 a5 22. bxa5 bxa5 23. Bb5 N8a7 24. Rgc1 Nxb5 25. Rxb5 Ra6 26. f5 gxf5 27. gxf5 Rh5 28. f6 Bb4 29. Rg1 Ra7 30. Rg8+ Kd7 31. Bxb4 axb4 32. Rf8 Rf5 33. Rxf7+ Kc8 34. Rxa7 Nxa7 35. Rc5+ Kd7 36. Ke3 b3 37. Nd2 Rh5 38. f7 Rf5 39. Nxb3 Rxf7 40. Ra5 Nc6 41. Nc5+ Ke7 42. Ra6 Nd8 43. Ra7+ Ke8 44. Rxf7 Kxf7 45. a5 Nc6 46. a6 Ke7 47. Kf4 Na7 48. Kg5 Nc6 49. Kg6 Na7 50. Na4 Nb5 51. Nb6 Kd8 52. Na4 Ke7 53. Nc5 Na7 54. Kg5 Nc6 55. Kf4 Na7 56. Ke3 Nb5 57. Kd3 Kf7 58. Kd2 Ke7 59. Kc1 Kf7 60. Kb2 Ke7 61. Ka2 Kf7 62. Ka1 Ke7 63. Kb2 Kf7 64. Na4 Ke7 65. Nc3 Na7 66. Kb3 Kd7 67. Kb4 Kc6 68. Ka5 Nc8 69. Na4 Na7 70. Nc5 Kc7 1-0

[Event "SLO-ch (Women)"]
[Site "Ljubljana"]
[Date "2011.08.09"]
[Round "4"]
[White "Bucar, Natasa"]
[Black "Urbanc, Suzana"]
[Result "1-0"]
[WhiteElo "1978"]
[BlackElo "1652"]
[PlyCount "39"]
[EventDate "2011.08.06"]
[EventType "swiss"]
[EventRounds "9"]
[EventCountry "SLO"]
[SourceTitle "CBM 143 Extra"]
[Source "ChessBase"]
[SourceDate "2011.08.29"]
[SourceVersion "1"]
[SourceVersionDate "2011.08.29"]
[SourceQuality "1"]

1. e4 e5 2. Nf3 Nc6 3. d4 exd4 4. Nxd4 Bc5 5. Be3 Qf6 6. c3 Qg6 7. Nd2 d6 8. Qc2 Nf6 9. Nb5 Bxe3 10. fxe3 Nd5 11. Qd3 a6 12. exd5 Bf5 13. e4 Ne5 14. Nxc7+ Kd7 15. Qd4 Bg4 16. Nxa8 Rxa8 17. h3 Bh5 18. g4 Bxg4 19. hxg4 Qxg4 20. Bh3 1-0

[Event "SLO-ch (Women)"]
[Site "Ljubljana"]
[Date "2011.08.07"]
[Round "2"]
[White "Bucar, Natasa"]
[Black "Hrenic, Misa"]
[Result "1/2-1/2"]
[WhiteElo "1978"]
[BlackElo "2044"]
[PlyCount "87"]
[EventDate "2011.08.06"]
[EventType "swiss"]
[EventRounds "9"]
[EventCountry "SLO"]
[SourceTitle "CBM 143 Extra"]
[Source "ChessBase"]
[SourceDate "2011.08.29"]
[SourceVersion "1"]
[SourceVersionDate "2011.08.29"]
[SourceQuality "1"]

1. e4 e5 2. Nf3 Nc6 3. Bb5 Nge7 4. 0-0 g6 5. c3 a6 6. Ba4 Bg7 7. d3 b5 8. Bb3 0-0 9. Bg5 h6 10. Bh4 Na5 11. Re1 Nxb3 12. Qxb3 g5 13. Bg3 Ng6 14. Nbd2 d6 15. h3 c5 16. Nf1 Be6 17. c4 Rb8 18. Qc2 Qb6 19. b3 f5 20. exf5 Bxf5 21. Rad1 Qb7 22. N3d2 bxc4 23. Qxc4+ Kh7 24. Ne3 Ne7 25. Nxf5 Nxf5 26. Qe4 Qd7 27. Nc4 Kh8 28. Qd5 Rbd8 29. Qf3 Qf7 30. Rf1 Qg6 31. Qc6 Rf6 32. Qxa6 Rdf8 33. Ne3 Nxg3 34. fxg3 e4 35. dxe4 Qxe4 36. Ng4 Rxf1+ 37. Rxf1 Rxf1+ 38. Qxf1 h5 39. Nf2 Qe3 40. Kh2 Be5 41. Nh1 h4 42. Qf8+ Kh7 43. Qe7+ Kh6 44. Qe6+ 1/2-1/2

[Event "SLO-CupT"]
[Site "Slovenia"]
[Date "2011.03.06"]
[Round "1"]
[White "Flander, Nejc"]
[Black "Bucar, Natasa"]
[Result "1-0"]
[WhiteElo "1948"]
[BlackElo "1966"]
[PlyCount "120"]
[EventDate "2011.03.06"]
[EventType "team-swiss"]
[EventRounds "5"]
[EventCountry "SLO"]
[SourceTitle "EXT 2019"]
[Source "ChessBase"]
[SourceDate "2018.10.10"]
[SourceVersion "1"]
[SourceVersionDate "2018.10.10"]
[SourceQuality "1"]
[WhiteTeam "Zalec"]
[BlackTeam "Krsko Triglav"]
[WhiteTeamCountry "SLO"]
[BlackTeamCountry "SLO"]

1. e4 c5 2. d4 cxd4 3. Nf3 Nc6 4. c3 d3 5. Bxd3 g6 6. Be3 Bg7 7. Nbd2 d6 8. Nd4 Nf6 9. h3 0-0 10. 0-0 e5 11. Nxc6 bxc6 12. Qa4 Qc7 13. Rfd1 Be6 14. c4 Rfb8 15. Qc2 Qb7 16. Rab1 d5 17. b4 d4 18. Bg5 Nh5 19. Be2 h6 20. Bxh5 hxg5 21. Be2 Qe7 22. c5 Bf8 23. Nc4 f6 24. Na5 Rc8 25. Bc4 Kg7 26. Bxe6 Qxe6 27. Qc4 Qxc4 28. Nxc4 Kf7 29. Kf1 Ke6 30. Ke2 Rab8 31. Kd3 Rb7 32. Rb3 Rcb8 33. Rdb1 f5 34. Nd2 Rc8 35. Kc4 Be7 36. Re1 f4 37. Reb1 Rcb8 38. Ra3 Bd8 39. Ra6 Kd7 40. Nf3 Bf6 41. a4 Rc7 42. b5 Rbc8 43. bxc6+ Rxc6 44. Rb7+ Ke8 45. Rxc6 Rxc6 46. Kb5 Rc8 47. Rxa7 Be7 48. c6 d3 49. Rd7 Rd8 50. Rxd8+ Kxd8 51. Kc4 Kc7 52. Kxd3 Bf6 53. Kc4 Kxc6 54. a5 Kb7 55. Kd5 Bd8 56. Nxe5 Bxa5 57. f3 Kc7 58. Ke6 Bb4 59. Nxg6 Bc3 60. Kf5 Kd6 1-0

[Event "SLO-chT U20"]
[Site "Rogaska Slatina"]
[Date "2010.08.26"]
[Round "9.21"]
[White "Rozic, Samo"]
[Black "Bucar, Natasa"]
[Result "1/2-1/2"]
[WhiteElo "2022"]
[BlackElo "1989"]
[PlyCount "65"]
[EventDate "2010.08.21"]
[EventType "team-tourn"]
[EventRounds "9"]
[EventCountry "SLO"]
[SourceTitle "EXT 2022"]
[Source "ChessBase"]
[SourceDate "2021.10.06"]
[SourceVersion "1"]
[SourceVersionDate "2021.10.06"]
[SourceQuality "1"]

1. e4 c5 2. Nc3 Nc6 3. g3 g6 4. Bg2 Bg7 5. d3 e6 6. Be3 d6 7. Qd2 Nge7 8. Bh6 Bf6 9. Nge2 Nd4 10. Nd1 Nec6 11. c3 Nxe2 12. Qxe2 Bg5 13. Bxg5 Qxg5 14. f4 Qe7 15. e5 Qc7 16. exd6 Qxd6 17. Ne3 b6 18. Ng4 Bb7 19. Nf6+ Kf8 20. h4 h5 21. 0-0-0 Kg7 22. Ne4 Qd7 23. Bf3 Rae8 24. Rd2 e5 25. f5 gxf5 26. Ng5 f6 27. Nh3 Ne7 28. Rf1 Bxf3 29. Qxf3 Kg6 30. Qf2 Nd5 31. d4 cxd4 32. cxd4 e4 33. Nf4+ 1/2-1/2

[Event "SLO-chT U20"]
[Site "Rogaska Slatina"]
[Date "2010.08.25"]
[Round "8"]
[White "Bucar, Natasa"]
[Black "Mitrovic, Boris"]
[Result "1/2-1/2"]
[WhiteElo "1989"]
[BlackElo "2165"]
[PlyCount "26"]
[EventDate "2010.08.21"]
[EventType "team-tourn"]
[EventRounds "9"]
[EventCountry "SLO"]
[SourceTitle "EXT 2022"]
[Source "ChessBase"]
[SourceDate "2021.10.06"]
[SourceVersion "1"]
[SourceVersionDate "2021.10.06"]
[SourceQuality "1"]

1. e4 d6 2. d4 Nf6 3. Nc3 g6 4. f3 c6 5. Be3 b5 6. Qd2 Nbd7 7. Nge2 Nb6 8. b3 Qc7 9. Ng3 h5 10. h4 Bg7 11. Bd3 b4 12. Nce2 c5 13. c3 bxc3 1/2-1/2

[Event "SLO-ch (Women)"]
[Site "Ljubljana"]
[Date "2010.08.15"]
[Round "9"]
[White "Novak, Ksenija"]
[Black "Bucar, Natasa"]
[Result "1-0"]
[WhiteElo "2200"]
[BlackElo "1989"]
[PlyCount "73"]
[EventDate "2010.08.07"]
[EventType "tourn"]
[EventRounds "9"]
[EventCountry "SLO"]
[SourceTitle "CBM 137 Extra"]
[Source "ChessBase"]
[SourceDate "2010.09.01"]
[SourceVersion "1"]
[SourceVersionDate "2010.09.01"]
[SourceQuality "1"]

1. g3 g6 2. Bg2 Bg7 3. d3 c5 4. c4 Nc6 5. Nc3 Nf6 6. e4 d6 7. Nge2 0-0 8. 0-0 Ne8 9. f4 f5 10. h3 Nc7 11. exf5 gxf5 12. Be3 Ne6 13. g4 Ned4 14. Ng3 Rb8 15. Nh5 Bh8 16. Rc1 Qd7 17. g5 b5 18. b3 e6 19. Kh2 b4 20. Ne2 Nxe2 21. Qxe2 Nd4 22. Qf2 a5 23. Rg1 Qf7 24. Ng3 Bd7 25. h4 a4 26. Rb1 axb3 27. axb3 Rb6 28. Ne2 Qh5 29. Bxd4 cxd4 30. Bf3 Qe8 31. Nxd4 Ra6 32. Rbe1 Qc8 33. Nxe6 Re8 34. Bd5 Bxe6 35. Rxe6 Rxe6 36. Re1 Bd4 37. Qxd4 1-0

[Event "SLO-ch (Women)"]
[Site "Ljubljana"]
[Date "2010.08.11"]
[Round "5"]
[White "Bucar, Natasa"]
[Black "Bajt, Indira"]
[Result "1/2-1/2"]
[WhiteElo "1989"]
[BlackElo "2189"]
[PlyCount "44"]
[EventDate "2010.08.07"]
[EventType "tourn"]
[EventRounds "9"]
[EventCountry "SLO"]
[SourceTitle "CBM 137 Extra"]
[Source "ChessBase"]
[SourceDate "2010.09.01"]
[SourceVersion "1"]
[SourceVersionDate "2010.09.01"]
[SourceQuality "1"]

1. e4 c5 2. Nf3 e6 3. d3 Nc6 4. g3 d6 5. Bg2 g6 6. Nbd2 Bg7 7. 0-0 e5 8. Re1 Nge7 9. c3 h6 10. Nf1 b6 11. Ne3 Be6 12. Nc2 d5 13. exd5 Bxd5 14. Be3 0-0 15. h4 Rc8 16. Bh3 f5 17. Nh2 f4 18. Bd2 Nf5 19. Qg4 Kh7 20. h5 g5 21. gxf4 Be6 22. fxg5 Qxd3 1/2-1/2

[Event "SLO-ch U20 qual"]
[Site "Otocec"]
[Date "2010.07.06"]
[Round "1"]
[White "Gjuran, Denis"]
[Black "Bucar, Natasa"]
[Result "1-0"]
[WhiteElo "2351"]
[BlackElo "1989"]
[PlyCount "51"]
[EventDate "2010.07.06"]
[EventType "swiss"]
[EventRounds "9"]
[EventCountry "SLO"]
[SourceTitle "EXT 2012"]
[Source "ChessBase"]
[SourceDate "2011.11.24"]
[SourceVersion "1"]
[SourceVersionDate "2011.11.24"]
[SourceQuality "1"]

1. e4 c5 2. c3 Nf6 3. e5 Nd5 4. d4 cxd4 5. Nf3 Nc6 6. cxd4 d6 7. Bc4 Nb6 8. Bb5 Bd7 9. Nc3 e6 10. 0-0 a6 11. Bd3 Qb8 12. Re1 Nb4 13. Bb1 Bc6 14. Ng5 dxe5 15. dxe5 h5 16. Nxe6 N4d5 17. Nxf8 Kxf8 18. Qd4 Qc7 19. Be4 Nxc3 20. Qxc3 Rc8 21. Be3 Nd5 22. Qc5+ Ne7 23. Rac1 Qd7 24. Bg5 Ke8 25. Rcd1 Qc7 26. Rd6 1-0